000 00781nam a22002777a 4500
001 0019663
003 KOHA_MİRAKIL
005 20260207002240.0
007 ta
008 100714b1990 tu |||gr||||#||||0|tur |
040 _aTR-BiSEU
_btur
_cTR-BiSEU
_erda
041 0 _atur
044 _ctu
050 _aJF1351
_b.V47 1990
100 1 _aVersan, Vakur.
245 1 _aKamu yönetimi :
_bsiyasi ve idare teşkilatı/
_cVakur Versan ; Vakur Versan.
264 1 _aİstanbul :
_bDer
_c1990
300 _aviii, 332 s. ;
_c21 cm.
336 _ametin
_btxt
_2rdacontent
337 _aaracısız
_bn
_2rdamedia
338 _acilt
_bnc
_2rdacarrier
500 _aKaynakça var.
650 0 _aPublic administration.
_927426
650 0 _aKamu yönetimi.
_94578
942 _2lcc
_cBK
999 _c19620
_d19620